| 000 | 01380nam a22002657a 4500 | ||
|---|---|---|---|
| 008 | 130821s2007 xxuao gr eng | ||
| 020 | _a736051074 | ||
| 020 | _a9780736051071 | ||
| 040 |
_aCo-BoUCM _bspa |
||
| 041 | 0 | 0 | _aeng |
| 060 | _aQT 255 | ||
| 100 | 1 |
_aHorvat, Michael A. _d1947- |
|
| 245 | 1 | 0 |
_aDevelopmental and adapted physical activity assessment _cMichael Horvat, Martin E. Block y Luke E. Kelly |
| 260 |
_aChampaign (Illinois, Estados Unidos) _bHuman Kinetics _c2007 |
||
| 300 |
_axi, 243 páginas _bilustraciones, fotografías, gráficas |
||
| 504 | _aIncluye referencias bibliográficas e índice. | ||
| 505 | 0 | _tWhom you are assessing -- Why you are assessing -- Getting to know the child -- Selecting an appropriate assessment instrument -- Selecting and administering tests -- Assessing motor development and motor skill performance -- Assessing physical fitness -- Assessing posture and gait -- Assessing behavior and social competence -- Translating assessment into action : a team approach. | |
| 650 | 0 | 4 |
_aAptitud atlética _xPruebas _99273 |
| 650 | 0 | 4 |
_aEducación física para niños con discapacidades _913829 |
| 650 | 0 | 4 |
_aRehabilitación _9361 |
| 700 | 1 |
_aBlock, Martin E. _d1958- |
|
| 700 | 1 | _aKelly, Luke. | |
| 856 | 4 | 1 |
_3Contenido _uhttp://www.loc.gov/catdir/toc/ecip0611/2006011240.html |
| 942 |
_cLIBRO _a26 _e1 _mH823d _2NLM _hQT 255 _n0 |
||
| 999 |
_c90127 _d90127 |
||